Professional beverage management

Gespeichert in:
Bibliographische Detailangaben
1. Verfasser: Lipinski, Bob
Weitere Verfasser: Lipinski, Kathie
Format: Buch
Sprache:Englisch
Veröffentlicht: New York John Wiley & Sons, Inc. 1996
Schlagworte:
Tags: Tag hinzufügen
Keine Tags, Fügen Sie das erste Tag hinzu!

MARC

LEADER 00000nam$a2200000$$$4500
001 0066679
005 20231215115108.8
020 |a 0-471-28737-7 
041 0 |a eng 
044 |a US 
245 1 0 |a Professional beverage management  |c Bob Lipinski, Kathie Lipinski 
264 1 |a New York  |b John Wiley & Sons, Inc.  |c 1996 
300 |a 482 s. 
610 2 0 |a pohostinstvo 
610 2 0 |a nápoje alkoholické 
610 2 0 |a výrobky značkové 
610 2 0 |a víno 
610 2 0 |a pivo 
610 2 0 |a porovnanie medzinárodné 
610 2 0 |a nápoje nealkoholické 
610 2 0 |a poradenstvo 
100 1 |a Lipinski, Bob 
700 1 |a Lipinski, Kathie